000 00488nam a2200193 a 4500
001 1767247369983
003 ACL
005 20260101113552.0
008 260101s2000##################000#0#eng##
020 _a9780091855871
082 0 4 _a649.132
_bHAR
100 1 _aHartley-Brewer, Elizabeth,
_eauthor.
245 1 0 _aSelf-esteem for Boys :
260 _bRandom House,
_c2000.
300 _a226 pages
650 0 _aFamily & Relationships.
942 _cENGLISH
040 _aACL
_beng
_cACL
999 _c606387
_d606387